| Поле | Инд. | ПП | Название | Значение |
|---|---|---|---|---|
| Тип записи | a | |||
| Библиографический уровень | m | |||
| 001 | Контрольный номер | RU/IS/BASE/264546013 | ||
| 005 | Дата корректировки | 20260513082545.3 | ||
| 008 | Кодируемые данные | 19971105 | ||
| 040 | 00 | e | Правила каталог. | Л 971105 |
| 084 | a | Индекс другой классификации/Индекс ББК | 84(4Вел)52-44 | |
| 090 | 00 | a | Полочн. индекс | 84(4Вел)52-44 |
| x | Авторский знак | Д 454 | ||
| 097 | 00 | a | 230 | |
| 100 | 10 | a | Автор | Диккенс Ч. |
| q | Полное имя | Диккенс Чарльз | ||
| 245 | 00 | a | Заглавие | Большие надежды |
| c | Ответственность | послесловие Б. И. Колесникова; перевод с английского М. Лорие; художник А. Бабановский | ||
| 260 | 00 | a | Место издания | Москва |
| b | Издательство | Московский рабочий | ||
| c | Дата издания | 1980 | ||
| 300 | 00 | a | Объем | 480 с. |
| 336 | a | Термин вида содержания | Текст | |
| 337 | a | Термин типа средства | непосредственный | |
| 440 | 00 | a | Серия | Школьная библиотека |
| 650 | a | Основная рубрика | художественная литература | |
| 653 | 00 | a | Ключевые слова | XIX век |
| a | Ключевые слова | английская литература | ||
| a | Ключевые слова | Великобритания | ||
| 655 | 00 | a | Жанр/ форма (устаревшее) | проза |
| a | Жанр/ форма (устаревшее) | роман | ||
| 700 | 10 | a | Автор | Колесников Б. И. |
| e | Роль лиц | автор послесловия | ||
| 700 | 10 | a | Автор | Бабановский А. |
| e | Роль лиц | художник | ||
| 700 | 10 | a | Автор | Лорие М. |
| e | Роль лиц | переводчик | ||
| 787 | w | Контрольный номер связываемой записи | RU/IS/BASE/263562473 | |
| w | Контрольный номер связываемой записи | RU/IS/BASE/415196006 | ||
| w | Контрольный номер связываемой записи | RU/IS/BASE/503064059 | ||
| 901 | t | Тип документа | m | |
| 952 | a | Тип литературы для КСУ ВШ | ЛХИ |